00833nam a22002057a 4500999001900000005001700019010001300036020002600049035001300075037001800088082001700106100002400123245013000147260003500277270006100312300003300373700002100406942003100427952016900458 c182167d18216720211108153454.0 aB-741821 a9780143417309c299.00 aB-741821 bPenguin Books a307.14120954 aKalam, A.P.J. Abdul aTarget 3 billion:bpura: innovative solutions towards sustainable development /cby A.P.J. Abdul Kalam [and] Srijan Pal Singh aNew DelhibPenguin Booksc2011 a11 Community Centre, Panchsheel Park,bNew Delhie110017 axix, 298p.:bill.c20cm(pbk) aSrijan Pal Singh 2ddccENh307.14120954mKAL 001040708NFICaBNbBNd2021-11-08eEng/Gift/8.11.2021g299.00l3m2o307.14120954 KALpB-741821r2025-10-06 00:00:00s2025-09-27t1v299.00w2021-11-08yENzGift